<?xml version="1.0" encoding="UTF-8"?>
<record
    xmlns:xsi="http://www.w3.org/2001/XMLSchema-instance"
    xsi:schemaLocation="http://www.loc.gov/MARC21/slim http://www.loc.gov/standards/marcxml/schema/MARC21slim.xsd"
    xmlns="http://www.loc.gov/MARC21/slim">

  <leader>01162nam a2200265 a 4500</leader>
  <controlfield tag="001">BRCA_998</controlfield>
  <controlfield tag="005">20190320203234.0</controlfield>
  <controlfield tag="008">940112s1993    gw-a---##b---#000-0#eng-d</controlfield>
  <datafield tag="020" ind1=" " ind2=" ">
    <subfield code="a">379131260X</subfield>
  </datafield>
  <datafield tag="050" ind1=" " ind2="4">
    <subfield code="a">ND588.E7</subfield>
    <subfield code="b">.C36 1993</subfield>
  </datafield>
  <datafield tag="100" ind1="1" ind2=" ">
    <subfield code="a">Camfield, William A.</subfield>
    <subfield code="9">3297</subfield>
  </datafield>
  <datafield tag="245" ind1="1" ind2="0">
    <subfield code="a">Max Ernst</subfield>
    <subfield code="b">dada and the dawn of surrealism</subfield>
    <subfield code="c">William A. Camfield ; with an introductory essay by Werner Spies and a preface by Walter Hopps.</subfield>
  </datafield>
  <datafield tag="260" ind1=" " ind2=" ">
    <subfield code="a">Nueva York</subfield>
    <subfield code="b">Neues Pub. Co.</subfield>
    <subfield code="c">1993</subfield>
  </datafield>
  <datafield tag="300" ind1=" " ind2=" ">
    <subfield code="a">373 p.</subfield>
    <subfield code="b">il. (algunas a color)</subfield>
    <subfield code="c">30 cm.</subfield>
  </datafield>
  <datafield tag="500" ind1=" " ind2=" ">
    <subfield code="a">Cat&#xE1;logo de la exposici&#xF3;n realizada en el Museum of Modern Art (New York), 14 marzo - 2 mayo, 1993 ; the Menil Collection (Houston) 28 mayo - 29 agosto, 1993 ; the Art Institute of Chicago, 15 septiembre - 30 noviembre, 1993</subfield>
  </datafield>
  <datafield tag="500" ind1=" " ind2=" ">
    <subfield code="a">Incluye cronolog&#xED;a y lista de trabajadores</subfield>
  </datafield>
  <datafield tag="504" ind1=" " ind2=" ">
    <subfield code="a">Bibliograf&#xED;a: p. 353-359</subfield>
  </datafield>
  <datafield tag="600" ind1="1" ind2="4">
    <subfield code="a">Ernst, Max</subfield>
    <subfield code="d">1891-1976</subfield>
    <subfield code="v">Exposiciones</subfield>
    <subfield code="9">3298</subfield>
  </datafield>
  <datafield tag="650" ind1="1" ind2="4">
    <subfield code="a">Dada&#xED;smo</subfield>
    <subfield code="v">Exposiciones</subfield>
    <subfield code="9">3299</subfield>
  </datafield>
  <datafield tag="650" ind1="1" ind2="4">
    <subfield code="a">Surrealismo</subfield>
    <subfield code="v">Exposiciones</subfield>
    <subfield code="9">3300</subfield>
  </datafield>
  <datafield tag="700" ind1="1" ind2=" ">
    <subfield code="a">Ernst, Max</subfield>
    <subfield code="d">1891-1976</subfield>
    <subfield code="9">3301</subfield>
  </datafield>
  <datafield tag="700" ind1="1" ind2=" ">
    <subfield code="a">Spies, Werner</subfield>
    <subfield code="d">1937-</subfield>
    <subfield code="9">3302</subfield>
  </datafield>
  <datafield tag="700" ind1="1" ind2=" ">
    <subfield code="a">Hopps, Walter</subfield>
    <subfield code="9">3303</subfield>
  </datafield>
  <datafield tag="942" ind1=" " ind2=" ">
    <subfield code="2">lcc</subfield>
    <subfield code="c">B</subfield>
  </datafield>
  <datafield tag="999" ind1=" " ind2=" ">
    <subfield code="c">882</subfield>
    <subfield code="d">882</subfield>
  </datafield>
  <datafield tag="952" ind1=" " ind2=" ">
    <subfield code="0">0</subfield>
    <subfield code="1">0</subfield>
    <subfield code="4">0</subfield>
    <subfield code="7">0</subfield>
    <subfield code="a">BRCA</subfield>
    <subfield code="b">BRCA</subfield>
    <subfield code="d">2008-06-26</subfield>
    <subfield code="l">0</subfield>
    <subfield code="o">ND588.E7 .C36 1993</subfield>
    <subfield code="p">01491</subfield>
    <subfield code="r">2019-03-22 00:00:00</subfield>
    <subfield code="w">2019-03-22</subfield>
    <subfield code="y">B</subfield>
  </datafield>
</record>
